Plant growth regulators : (Record no. 14695)
[ view plain ]
| 000 -LEADER | |
|---|---|
| fixed length control field | 00438cam a2200157 a 4500 |
| 020 ## - INTERNATIONAL STANDARD BOOK NUMBER | |
| ISBN | 0387109730 (U.S.) |
| 040 ## - CATALOGING SOURCE | |
| Transcribing agency | DDC |
| 082 0# - DEWEY DECIMAL CLASSIFICATION NUMBER | |
| Classification number | 631 SPR 1982 A052 Or. |
| 100 1# - MAIN ENTRY--AUTHOR NAME | |
| Personal name | Nickell, Louis G., |
| 245 10 - TITLE STATEMENT | |
| Title | Plant growth regulators : |
| Remainder of title | agricultural uses / |
| 260 0# - PUBLICATION, DISTRIBUTION, ETC. (IMPRINT) | |
| Place of publication | Berlin ; |
| -- | New York : |
| Name of publisher | Springer-Verlag, |
| Year of publication | 1982. |
| 300 ## - PHYSICAL DESCRIPTION | |
| Number of Pages | xii, 173 p. : |
| Other physical details | ill. ; |
| Dimensions | 25 cm. |
| 500 ## - GENERAL NOTE | |
| General note | Includes index. |
| 650 #0 - SUBJECT ADDED ENTRY--TOPICAL TERM | |
| Topical Term | Plant regulators. |
| 942 ## - ADDED ENTRY ELEMENTS (KOHA) | |
| Koha item type | សៀវភៅភាសាអង់គ្លេស |
| 952 ## - LOCATION AND ITEM INFORMATION (KOHA) | |
| Withdrawn status [LOCAL, KOHA] | 0 |
| Permanent Location | Date acquired | Koha item type | Lost status | Shelving location | Barcode | Current Location | Full call number |
|---|---|---|---|---|---|---|---|
| Library Block A | 2017-10-24 | សៀវភៅភាសាអង់គ្លេស | A052 | A17662 | Library Block A | 631 SPR 1982 A052 Or. |